Современные химические технологии: электронный курс

Bibliografiske detaljer
Hovedforfatter: Ляпков А. А. Алексей Алексеевич
Institution som forfatter: Национальный исследовательский Томский политехнический университет Исследовательская школа химических и биомедицинских технологий
Summary:Заглавие с экрана
Курс предназначен для студентов 1-го курса магистратуры направления 18.04.01 Химическая технология НИ ТПУ очной формы обучения. Основной целью дисциплины "Современные химические технологии" является формирование у студентов: базовых знаний и понятий по химической технологии и химическим производствам; способности к профессиональной эксплуатации современного оборудования и приборов; готовности к использованию методов математического моделирования технологических процессов, к теоретическому анализу и экспериментальной проверке теоретических гипотез; навыков самостоятельной работы с учебной и научной литературой; готовности использования общетеоретических знаний и научного базиса , с учетом современного уровня развития химической науки, для дальнейшей профессиональной подготовки.
Доступ по логину и паролю
Sprog:russisk
Udgivet: Томск, TPU Moodle, 2021
Fag:
Online adgang:https://design.lms.tpu.ru/course/view.php?id=3560
Format: MixedMaterials Electronisk Bog
KOHA link:https://koha.lib.tpu.ru/cgi-bin/koha/opac-detail.pl?biblionumber=667065

MARC

LEADER 00000nlm0a2200000 4500
001 667065
005 20240122134926.0
035 |a (RuTPU)RU\TPU\network\38269 
035 |a RU\TPU\network\38267 
090 |a 667065 
100 |a 20220221d2021 m y0rusy50 ca 
101 0 |a rus 
102 |a RU 
105 |a a j 000zy 
135 |a jrcn ---uucaa 
181 0 |a i  
182 0 |a b 
200 1 |a Современные химические технологии  |e электронный курс  |f А. А. Ляпков  |g Национальный исследовательский Томский политехнический университет, Исследовательская школа химических и биомедицинских технологий 
203 |a Текст  |c электронный 
210 |a Томск  |c TPU Moodle  |d 2021 
300 |a Заглавие с экрана 
330 |a Курс предназначен для студентов 1-го курса магистратуры направления 18.04.01 Химическая технология НИ ТПУ очной формы обучения. Основной целью дисциплины "Современные химические технологии" является формирование у студентов: базовых знаний и понятий по химической технологии и химическим производствам; способности к профессиональной эксплуатации современного оборудования и приборов; готовности к использованию методов математического моделирования технологических процессов, к теоретическому анализу и экспериментальной проверке теоретических гипотез; навыков самостоятельной работы с учебной и научной литературой; готовности использования общетеоретических знаний и научного базиса , с учетом современного уровня развития химической науки, для дальнейшей профессиональной подготовки. 
333 |a Доступ по логину и паролю 
606 1 |a Химическая технология  |x Общие вопросы  |2 stltpush  |3 (RuTPU)RU\TPU\subj\68259  |9 83693 
610 1 |a электронный ресурс 
610 1 |a труды учёных ТПУ 
610 1 |a электронное обучение 
610 1 |a электронные курсы ТПУ 
610 1 |a электронные учебные пособия 
610 1 |a технология 
610 1 |a неорганические вещества 
610 1 |a органические вещества 
610 1 |a полимеры 
610 1 |a переработка 
675 |a 66(075.8)  |v 3 
700 1 |a Ляпков  |b А. А.  |c химик-технолог  |c доцент Томского политехнического университета, кандидат химических наук  |f 1958-  |g Алексей Алексеевич  |3 (RuTPU)RU\TPU\pers\25490  |9 11427 
712 0 2 |a Национальный исследовательский Томский политехнический университет  |b Исследовательская школа химических и биомедицинских технологий  |c (2017- )  |3 (RuTPU)RU\TPU\col\23537 
801 2 |a RU  |b 63413507  |c 20220808  |g RCR 
856 4 |u https://design.lms.tpu.ru/course/view.php?id=3560 
942 |c CF